Welcome to WEB OPAC of MRSPTU Central Library

Linear Integrated Circuits (Record no. 6620)

MARC details
000 -LEADER
fixed length control field 00444nam a2200169Ia 4500
008 - FIXED-LENGTH DATA ELEMENTS--GENERAL INFORMATION
fixed length control field 230711s9999||||xx |||||||||||||| ||und||
020 ## - INTERNATIONAL STANDARD BOOK NUMBER
International Standard Book Number 978-81-8371-689-5
041 ## - LANGUAGE CODE
Language code of text/sound track or separate title ENG
082 ## - DEWEY DECIMAL CLASSIFICATION NUMBER
Classification number 621.3815
Item number GA-L
100 ## - MAIN ENTRY--PERSONAL NAME
Personal name Ganesh Babu,T.R
245 #0 - TITLE STATEMENT
Title Linear Integrated Circuits
250 ## - EDITION STATEMENT
Edition statement 6th Ed.
260 ## - PUBLICATION, DISTRIBUTION, ETC.
Date of publication, distribution, etc. 2015
Place of publication, distribution, etc. Hyderabad
Name of publisher, distributor, etc. Scitech Publications (India)Pvt.Ltd
650 ## - SUBJECT ADDED ENTRY--TOPICAL TERM
Topical term or geographic name entry element Electronics Engineering
700 ## - ADDED ENTRY--PERSONAL NAME
Personal name Suseela,B
942 ## - ADDED ENTRY ELEMENTS (KOHA)
Koha item type Book
Holdings
Withdrawn status Lost status Damaged status Not for loan Collection Home library Current library Date acquired Source of acquisition Cost, normal purchase price Inventory number Total checkouts Full call number Barcode Date last seen Price effective from Koha item type
          MRSPTU Central Library MRSPTU Central Library 08/04/2043 Krishna Book Distributors 425.00 KBD/2017-2018/1019143059   621.3815 GA-L 39316 08/17/2023 08/17/2023 Book
          MRSPTU Central Library MRSPTU Central Library 08/04/2043 Krishna Book Distributors 425.00 KBD/2017-2018/1019143059   621.3815 GA-L 39317 08/17/2023 08/17/2023 Book
          MRSPTU Central Library MRSPTU Central Library 08/04/2043 Krishna Book Distributors 425.00 KBD/2017-2018/1019143059   621.3815 GA-L 39318 08/17/2023 08/17/2023 Book
          MRSPTU Central Library MRSPTU Central Library 08/04/2043 Krishna Book Distributors 425.00 KBD/2017-2018/1019143059   621.3815 GA-L 39319 08/17/2023 08/17/2023 Book
          MRSPTU Central Library MRSPTU Central Library 08/04/2043 Krishna Book Distributors 425.00 KBD/2017-2018/1019143059   621.3815 GA-L 39320 08/17/2023 08/17/2023 Book

Website Designed and Developed by MRSPTU Central Library Team

E-mail Id: librarian@mrsptu.ac.in